| 000 | 00852nam a2200265 a 4500 | ||
|---|---|---|---|
| 001 | 9404 | ||
| 003 | BD-RjUL | ||
| 005 | 20211208234754.0 | ||
| 008 | 140120s1966 njua 001 0 eng d | ||
| 035 | _a(BD-RjUL)9449 | ||
| 040 |
_aDLC/ICU _cICU _dDLC _dBD-RjUL _beng |
||
| 041 | _aeng | ||
| 082 | 0 | 0 |
_a530.141 _bNUE 1966 _223 |
| 100 | 1 |
_aNussbaum, Allen. _929134 |
|
| 245 | 1 | 0 |
_aElectromagnetic and quantum properties of materials. / _cby Allen Nussbaum |
| 260 |
_aEnglewood Cliffs, N.J. : _bPrentice-Hall, _c1966. |
||
| 300 |
_axiv, 424 p. : _bill. ; _c24 cm. |
||
| 504 | _aIncludes index. | ||
| 650 | 0 |
_aElectromagnetic theory. _926902 |
|
| 650 | 0 |
_aQuantum theory. _929136 |
|
| 830 | 0 |
_aPrentice-Hall electrical engineering series. _9159643 |
|
| 942 |
_2ddc _cBK |
||
| 999 |
_c9404 _d9404 |
||